Glimpses of the Past : (Record no. 260623)
[ view plain ]
| 000 -LEADER | |
|---|---|
| fixed length control field | 00802cam a22002533a 4500 |
| 001 - CONTROL NUMBER | |
| control field | 31368 |
| 003 - CONTROL NUMBER IDENTIFIER | |
| control field | PGUSA |
| 005 - DATE AND TIME OF LATEST TRANSACTION | |
| control field | 20140828083658.0 |
| 008 - FIXED-LENGTH DATA ELEMENTS--GENERAL INFORMATION | |
| fixed length control field | 100223s2010||||xxu|||||s|||||000 | eng d |
| 040 ## - CATALOGING SOURCE | |
| Original cataloging agency | PGUSA |
| Language of cataloging | eng |
| 042 ## - AUTHENTICATION CODE | |
| Authentication code | dc |
| 050 #4 - LIBRARY OF CONGRESS CALL NUMBER | |
| Classification number | F1001 |
| 100 1# - MAIN ENTRY--PERSONAL NAME | |
| Personal name | Raymond, W. O. |
| Fuller form of name | (William Odber), |
| Dates associated with a name | 1853-1923 |
| 245 10 - TITLE STATEMENT | |
| Title | Glimpses of the Past : |
| Remainder of title | History of the River St. John, A.D. 1604-1784 |
| Medium | [electronic resource] / |
| Statement of responsibility, etc | W. O. Raymond |
| 260 ## - PUBLICATION, DISTRIBUTION, ETC. (IMPRINT) | |
| Name of publisher, distributor, etc | Project Gutenberg, |
| Date of publication, distribution, etc | 2010 |
| 506 ## - RESTRICTIONS ON ACCESS NOTE | |
| Terms governing access | Public domain in the USA. |
| 516 ## - TYPE OF COMPUTER FILE OR DATA NOTE | |
| Type of computer file or data note | Electronic text |
| 653 ## - INDEX TERM--UNCONTROLLED | |
| Uncontrolled term | New Brunswick -- History |
| 653 ## - INDEX TERM--UNCONTROLLED | |
| Uncontrolled term | Saint John River Valley (Me. and N.B.) |
| 740 0# - ADDED ENTRY--UNCONTROLLED RELATED/ANALYTICAL TITLE | |
| Uncontrolled related/analytical title | History of the Saint John River |
| 830 #0 - SERIES ADDED ENTRY--UNIFORM TITLE | |
| Uniform title | Project Gutenberg |
| Volume number/sequential designation | 31368 |
| 856 40 - ELECTRONIC LOCATION AND ACCESS | |
| Uniform Resource Identifier | <a href="http://www.gutenberg.org/ebooks/31368">http://www.gutenberg.org/ebooks/31368</a> |
| 942 ## - ADDED ENTRY ELEMENTS (KOHA) | |
| Koha item type | eBooks |
| Withdrawn status | Lost status | Damaged status | Home library | Current library | Date acquired | Total Checkouts | Date last seen | Price effective from | Koha item type |
|---|---|---|---|---|---|---|---|---|---|
| Project Gutenberg | Project Gutenberg | 08/28/2014 | 08/28/2014 | 08/28/2014 | eBooks |